000 00248nam a2200097Ia 4500
008 230915s9999 xx 000 0 und d
050 _aQE28.2.P499.C.6
100 _aCHARLES C.PLUMMER
245 0 _aPHYSICAL GEOLOGY AND THE ENVIRONMENT
942 _cBK
999 _c62864
_d62864